000 00467cam a2200181ua 4500
001 1761
008 110719n xxk |||gr||||Z||||||eng
040 _cMAIN
082 _a334
100 1 _aDigby, Margarat,
_eAuthor.
245 1 _aWorld co-operative movement
_cby Margaret Digby
250 _a1st.
260 _aLondon:
_bHutchinson university library,960.
300 _a192p:
_c23cm.
653 _aEconomics
653 _aworld co-operative movement
942 _cBK
999 _c1645
_d1645